Design and Analysis of Reliable and Fault-Tolerant Computer Systems

Salvato in:
Dettagli Bibliografici
Autore principale: Abd-El-Barr, Mostafa (Autore)
Natura: Libro
Lingua:inglese
Pubblicazione: Londýn : Imperial College Press, 2007
Soggetti:
Tags: Aggiungi Tag
Nessun Tag, puoi essere il primo ad aggiungerne!!

MARC

LEADER 00000nam a22000003a 4500
001 stu238828
005 20150617230206.5
008 111122s2007----uk------------------eng-d
020 |a 1-86094-668-2 
040 |a STU  |b slo 
041 0 |a eng 
044 |a uk 
100 1 |a Abd-El-Barr, Mostafa  |4 aut 
245 1 |a Design and Analysis of Reliable and Fault-Tolerant Computer Systems 
260 |a Londýn :  |b Imperial College Press,  |c 2007 
300 |a 440 s 
650 7 |a počítačové systémy  |2 stusub 
650 7 |a dizajn  |2 stusub 
650 7 |a analýza systémov  |2 stusub 
996 |c I*7PS6297  |l I  |s A  |a 24  |w stu238828_0001